| 000 | 00990nam a2200277 a 4500 | ||
|---|---|---|---|
| 001 | BRCA_2804 | ||
| 005 | 20190320203957.0 | ||
| 008 | 081208s1953----u--a######---#000-0#eng-# | ||
| 041 | _aeng | ||
| 044 | _au | ||
| 050 | 4 |
_aND3199 _b.S62 1 _c1953 |
|
| 100 | 1 |
_aSpalding, Frances _97870 |
|
| 245 | 1 | 0 |
_aMudejar Ornament _bin Manuscripts _cby Frances Spalding. |
| 260 |
_aNueva York _bThe Hispanic Society of America _c1953 |
||
| 300 |
_avi, 58 p. _bil., 37 láminas _c22 cm. |
||
| 440 | 0 |
_aHispanic Notes & Monographs: essays, studies, and brief biographies issued by Hispanic Society of America _97871 |
|
| 500 | _aEjemplar igual a M70 y S61 | ||
| 500 | _aAA15 | ||
| 504 | _aBibliografía: p. 55-58 | ||
| 650 | 1 | 4 |
_aManuscritos españoles _97872 |
| 650 | 1 | 4 |
_aDecoración y ornamentación mahometanas _97873 |
| 650 | 1 | 4 |
_aIluminación de libros y manuscritos _xEspecímenes, reproducciones, etc. _97874 |
| 650 | 1 | 4 |
_aManuscritos _zEstados Unidos _97875 |
| 902 | _aGFM | ||
| 942 |
_2lcc _cB |
||
| 999 |
_c2544 _d2544 |
||